00633nam a22001577a 4500001000500000005001700005020001800022040002900040082000800069100002200077245004600099260003300145300002800178520025700206650001200463144120230918091317.0 a9781740896481 aFISKHbengcFISKHdFISKH a612 aMcMillan, Beverly aThe illustrated atlas of the human body / aSydney :bWeldon Owen,c2008 a288 pages :c35 x 28 cm aUses microphotography, advanced medical imaging, and annotated illustrations to provide scientific information about the human body, covering the body systems, bones, muscles and skin, sensory and digestive processes, and the brain and internal organs. aAnatomy